Углеродные нанотрубки; Прогрессивные технологии и экономика в машиностроении

Chi tiết về thư mục
Parent link:Прогрессивные технологии и экономика в машиностроении.— 2015.— [С. 64-66]
Tác giả chính: Верхоланцева Е. Е.
Tác giả của công ty: Национальный исследовательский Томский политехнический университет (ТПУ) Юргинский технологический институт (ЮТИ)
Tác giả khác: Логвинова Н. А. Наталья Александровна (научный руководитель)
Tóm tắt:Заглавие с экрана
Ngôn ngữ:Tiếng Nga
Được phát hành: 2015
Loạt:Современное металлургическое производство и контроль качества
Những chủ đề:
Truy cập trực tuyến:http://earchive.tpu.ru/handle/11683/17740
http://www.lib.tpu.ru/fulltext/c/2015/C57/019.pdf
Định dạng: MixedMaterials Điện tử Chương của sách
KOHA link:https://koha.lib.tpu.ru/cgi-bin/koha/opac-detail.pl?biblionumber=611722

MARC

LEADER 00000naa2a2200000 4500
001 611722
005 20260416120535.0
035 |a (RuTPU)RU\TPU\conf\9569 
035 |a RU\TPU\conf\9563 
090 |a 611722 
100 |a 20150420d2015 k y0rusy50 ca 
101 0 |a rus 
102 |a RU 
135 |a drcn ---uucaa 
181 0 |a i  
182 0 |a b 
200 1 |a Углеродные нанотрубки  |f Е. Е. Верхоланцева  |g науч. рук. Н. А. Логвинова 
203 |a Текст  |c электронный 
215 |a 1 файл(964 Кб) 
225 1 |a Современное металлургическое производство и контроль качества 
300 |a Заглавие с экрана 
320 |a [Библиогр.: с. 66 (5 назв.)] 
337 |a Adobe Reader 
463 1 |0 (RuTPU)RU\TPU\conf\9525  |t Прогрессивные технологии и экономика в машиностроении  |o сборник трудов VI Всероссийской научно-практической конференции для студентов и учащейся молодежи, 9-11 апреля 2015 г., Юрга  |f Национальный исследовательский Томский политехнический университет (ТПУ), Юргинский технологический институт (ЮТИ) ; под ред. Д. А. Чинахова  |v [С. 64-66]  |d 2015 
610 1 |a электронный ресурс 
610 1 |a труды учёных ТПУ 
610 1 |a углеродные нанотрубки 
610 1 |a нанотрубки 
610 1 |a нанотехнологии 
700 1 |a Верхоланцева  |b Е. Е. 
702 1 |a Логвинова  |b Н. А.  |c специалист в области инженерной графики  |c старший преподаватель Юргинского технологического института Томского политехнического университета  |c выпускница Томского политехнического университета  |f 1970-  |g Наталья Александровна  |4 727  |9 10824 
712 0 2 |a Национальный исследовательский Томский политехнический университет (ТПУ)  |b Юргинский технологический институт (ЮТИ)  |c (2009- )  |3 (RuTPU)RU\TPU\col\15903 
801 1 |a RU  |b 63413507  |c 20101016 
801 2 |a RU  |b 63413507  |c 20210211  |g RCR 
856 4 |u http://earchive.tpu.ru/handle/11683/17740 
856 4 |u http://www.lib.tpu.ru/fulltext/c/2015/C57/019.pdf 
942 |c BK